| 000 | 00590cam a2200181 a 4500 | ||
|---|---|---|---|
| 005 | 20250901165603.0 | ||
| 008 | 870601s1988 dcua b 001 0 eng | ||
| 010 | _a 87015339 | ||
| 020 |
_a0871874024 (pbk.) : _c$11.95 |
||
| 050 | 0 | 0 |
_aHM261 .A74 1988 _b.A74 1988 |
| 082 | 0 | 0 |
_a303.3/8 _219 |
| 100 | 1 | _aAsher, Herbert B. | |
| 245 | 1 | 0 |
_aPolling and the public : _bwhat every citizen should know / _cHerbert Asher. |
| 260 |
_aWashington, D.C. : _bCQ Press, _cc1988. |
||
| 300 |
_ax, 168 p. : _bill. ; _c23 cm. |
||
| 500 | _aIncludes index. | ||
| 942 |
_2lcc _hHM261 .A74 1988 |
||
| 999 |
_c6297 _d6297 |
||